[Event "W C Fields Memorial Tournament"]
[Site "SchemingMind.com"]
[Date "2021.01.14"]
[Round "-"]
[White "mochiron"]
[Black "pmdpsp"]
[Result "0-1"]
[WhiteCountry "JPN"]
[BlackCountry "GER"]
[WhiteElo "1392"]
[WhiteRD "78"]
[BlackElo "1725"]
[BlackRD "84"]
[GameID "464494"]

1. c4 Nf6 2. Nc3 Nc6 3. e4 e5 4. d3 h6 5. Nf3 Bc5 6. h3 a6 7. Nd5 O-O 8. Bxh6 gxh6 9. Qd2 Kh7 10. Be2 Nxd5
11. exd5 Bb4 12. O-O Bxd2 13. Nxd2 Nd4 14. Bf3 Nxf3+ 15. Nxf3 d6 16. Nh2 Rg8 17. g4 f5 18. Kh1 fxg4 19. hxg4 Qh4 20. Rg1 Rxg4
21. Rxg4 Bxg4 22. Rg1 Bf3+ 23. Rg2 Qxf2 24. Nxf3 Qxf3
0-1

[Event "W C Fields Memorial Tournament"]
[Site "SchemingMind.com"]
[Date "2021.01.14"]
[Round "-"]
[White "pmdpsp"]
[Black "mochiron"]
[Result "1-0"]
[WhiteCountry "GER"]
[BlackCountry "JPN"]
[WhiteElo "1725"]
[WhiteRD "84"]
[BlackElo "1392"]
[BlackRD "78"]
[GameID "464495"]

1. c4 g6 2. Nc3 Bg7 3. d4 e6 4. Nf3 Nc6 5. Bg5 Nge7 6. d5 Bxc3+ 7. bxc3 Na5 8. e4 f6 9. Bxf6 Rf8 10. e5 Rxf6
11. exf6 Nf5 12. g4 Qxf6 13. Rc1 Nh4 14. Nxh4 Qxh4 15. dxe6 dxe6 16. Qd4 Qe7 17. Rd1 Nc6 18. Qh8+ Qf8 19. Qxh7 Ne5 20. Qxc7 Nd7
21. Bd3 Qf6 22. O-O Qf3 23. Bxg6+ Ke7 24. Qd6+ Kf6 25. Bf5 Qc6 26. Qd4+ Kg5 27. Qg7+ Kf4 28. Rd4+ Kf3 29. Re1 exf5 30. Re3#
1-0

[Event "W C Fields Memorial Tournament"]
[Site "SchemingMind.com"]
[Date "2021.01.13"]
[Round "-"]
[White "Phillip Beckett"]
[Black "pmdpsp"]
[Result "0-1"]
[WhiteCountry "ENG"]
[BlackCountry "GER"]
[WhiteElo "1440"]
[WhiteRD "48"]
[BlackElo "1708"]
[BlackRD "80"]
[GameID "464496"]

1. e4 c5 2. Nf3 Nc6 3. d4 cxd4 4. Nxd4 d5 5. Nxc6 bxc6 6. exd5 Qa5+ 7. c3 cxd5 8. Qe2 e6 9. Qb5+ Qxb5 10. Bxb5+ Bd7
11. Bxd7+ Kxd7 12. Be3 Nf6 13. Nd2 Bd6 14. O-O Ng4 15. Rfe1 Nxh2 16. g3 Ng4 17. Bd4 e5 18. f3 exd4 19. cxd4 Bxg3 20. fxg4 Bxe1
21. Rxe1 Rhe8 22. Rc1 Rac8 23. Rxc8 Rxc8 24. Kf2 Rc2 25. Ke3 Rxb2 26. a4 g5 27. Nf3 f6 28. Kd3 Ra2
0-1

[Event "W C Fields Memorial Tournament"]
[Site "SchemingMind.com"]
[Date "2021.01.13"]
[Round "-"]
[White "pmdpsp"]
[Black "Phillip Beckett"]
[Result "1-0"]
[WhiteCountry "GER"]
[BlackCountry "ENG"]
[WhiteElo "1708"]
[WhiteRD "80"]
[BlackElo "1440"]
[BlackRD "48"]
[GameID "464497"]

1. c4 e5 2. Nc3 Nf6 3. d4 exd4 4. Qxd4 Nc6 5. Qd1 Bb4 6. Bd2 O-O 7. a3 Be7 8. Bf4 d6 9. e3 h6 10. Bd3 Nh7
11. Nge2 Bg5 12. Qc2 f5 13. O-O-O Bxf4 14. Nxf4 Ne5 15. Be2 g5 16. g3 gxf4 17. gxf4 Ng4 18. Bxg4 fxg4 19. f3 gxf3 20. Qe4 Bf5
21. Rhg1+ Kh8 22. Qxf3 Rg8 23. e4 Bg6 24. e5 Qf8 25. e6 Qf5 26. Rd2 Rae8 27. Rxg6 Qxg6 28. Nd5 Qxe6 29. Qc3+ Rg7 30. Nxc7 Qe1+
31. Kc2 Qe4+ 32. Kb3 Rc8 33. Nb5 Qxf4 34. Nxd6 Rc6 35. Ne8 Qf7 36. Rd8 Rb6+ 37. Ka2 Rc6 38. Nd6+ Qg8 39. Nf7#
1-0

[Event "W C Fields Memorial Tournament"]
[Site "SchemingMind.com"]
[Date "2021.01.13"]
[Round "-"]
[White "pmdpsp"]
[Black "Transcendent"]
[Result "0-1"]
[WhiteCountry "GER"]
[BlackCountry "ENG"]
[WhiteElo "1708"]
[WhiteRD "80"]
[BlackElo "1902"]
[BlackRD "78"]
[GameID "464498"]

1. c4 e5 2. d4 exd4 3. Qxd4 Nc6 4. Qd1 Nf6 5. Bg5 Bb4+ 6. Bd2 Bxd2+ 7. Qxd2 O-O 8. e3 d5 9. Nf3 Be6 10. Qc3 Ne4
11. Qc2 Nb4 12. Qb3 a5 13. Nc3 dxc4 14. Bxc4 Nc5 15. Qd1 Bxc4 16. Qxd8 Raxd8 17. Rc1 Nbd3+ 18. Kd2 Nxc1+ 19. Kxc1 Nd3+
0-1

[Event "W C Fields Memorial Tournament"]
[Site "SchemingMind.com"]
[Date "2021.01.13"]
[Round "-"]
[White "Transcendent"]
[Black "pmdpsp"]
[Result "1-0"]
[WhiteCountry "ENG"]
[BlackCountry "GER"]
[WhiteElo "1902"]
[WhiteRD "78"]
[BlackElo "1708"]
[BlackRD "80"]
[GameID "464499"]

1. d4 g6 2. c4 c5 3. d5 d6 4. Nc3 Bg7 5. g3 Nd7 6. Nf3 Nb6 7. Nd2 Bg4 8. h3 Bxc3 9. hxg4 Bxd2+ 10. Bxd2 Nxc4
11. Qa4+ Qd7 12. Qxc4 Nf6 13. g5 Ng4 14. Bh3 b5 15. Qxg4
1-0

[Event "W C Fields Memorial Tournament"]
[Site "SchemingMind.com"]
[Date "2021.01.13"]
[Round "-"]
[White "pmdpsp"]
[Black "kenneth m day"]
[Result "1-0"]
[WhiteCountry "GER"]
[BlackCountry "USA"]
[WhiteElo "1725"]
[WhiteRD "84"]
[BlackElo "1695"]
[BlackRD "51"]
[GameID "464500"]

1. c4 Nf6 2. Nc3 e6 3. d4 Bb4 4. Qb3 c5 5. Bg5 O-O 6. Nf3 d5 7. e3 Bxc3+ 8. bxc3 b6 9. cxd5 exd5 10. Bxf6 Qxf6
11. Qxd5 Nc6 12. Ne5 Rd8 13. Qxc6 Be6 14. Bc4 Rac8 15. Qa4 Rc7 16. Nc6 Bd7 17. Bb5 Bxc6 18. Bxc6 Qxc6 19. Qxc6 Rxc6 20. O-O cxd4
21. cxd4 f5 22. f3 Rc3 23. Kf2 g6 24. Rfc1 Rdc8 25. Rxc3 Rxc3 26. e4 Kf7 27. Re1 Kf6 28. Rd1 Rc2+ 29. Kg3 Rxa2 30. e5+ Ke6
31. d5+ Kd7 32. e6+ Kd6 33. Re1
1-0

[Event "W C Fields Memorial Tournament"]
[Site "SchemingMind.com"]
[Date "2021.01.13"]
[Round "-"]
[White "kenneth m day"]
[Black "pmdpsp"]
[Result "1-0"]
[WhiteCountry "USA"]
[BlackCountry "GER"]
[WhiteElo "1707"]
[WhiteRD "52"]
[BlackElo "1708"]
[BlackRD "80"]
[GameID "464501"]

1. e4 e5 2. Nf3 Nc6 3. c3 Nf6 4. d4 exd4 5. e5 Qe7 6. cxd4 d6 7. Bb5 Bd7 8. O-O O-O-O 9. exf6 Qxf6 10. Bg5 Qg6
11. Bxd8 Kxd8 12. Re1 Bh3 13. Nh4 Qg5 14. Qe2 Be7 15. Bxc6 bxc6 16. Qxe7+ Qxe7 17. Rxe7 Kxe7 18. gxh3 Re8 19. Nc3 Kf6 20. Kf1 g5
21. Nf3 Kf5 22. Re1 Re6 23. Rxe6 fxe6 24. Kg2 Kf4 25. h4 h6 26. hxg5 hxg5 27. h4 gxh4 28. Nxh4 Kg5 29. Kg3 a6 30. Nf3+ Kf5
31. Nd2 d5 32. Na4 e5 33. Nc5 exd4 34. Nxa6 Ke5 35. Nxc7 d3 36. f4+ Kf5 37. a4
1-0

[Event "W C Fields Memorial Tournament"]
[Site "SchemingMind.com"]
[Date "2021.01.13"]
[Round "-"]
[White "pmdpsp"]
[Black "Chessibelle"]
[Result "1-0"]
[WhiteCountry "GER"]
[BlackCountry "ENG"]
[WhiteElo "1708"]
[WhiteRD "80"]
[BlackElo "1100"]
[BlackRD "59"]
[GameID "464502"]

1. c4 Nc6 2. Nc3 e5 3. Nf3 d6 4. e3 Nf6 5. d4 Bd7 6. Bd3 Be7 7. O-O O-O 8. Qc2 Nb4 9. Qb1 e4 10. Nxe4 b6
11. Nxf6+ Bxf6 12. Bxh7+ Kh8 13. Be4 g6 14. Bxa8 Qxa8 15. a3 Nc6 16. b4 Ne7 17. Bb2 d5 18. e4 dxc4 19. Qc2 Rg8 20. Nd2 b5
21. Rae1 a6 22. f4 Qf8 23. Re3 Kg7 24. e5 Bh4 25. e6 fxe6 26. Nf3 Rh8 27. Ng5 Be8 28. Nxe6+
1-0

[Event "W C Fields Memorial Tournament"]
[Site "SchemingMind.com"]
[Date "2021.01.14"]
[Round "-"]
[White "Chessibelle"]
[Black "pmdpsp"]
[Result "0-1"]
[WhiteCountry "ENG"]
[BlackCountry "GER"]
[WhiteElo "1100"]
[WhiteRD "59"]
[BlackElo "1708"]
[BlackRD "80"]
[GameID "464503"]

1. Nf3 Nc6 2. d4 Nf6 3. Nc3 d5 4. e3 Bg4 5. Be2 e6 6. Bd2 Bd6 7. O-O Ne7 8. a3 O-O 9. b4 Ne4 10. h3 Bh5
11. Be1 f5 12. Qc1 Ng6 13. g3 Bxf3 14. Bxf3 Nh4 15. Be2 Qg5 16. Kh2 f4 17. g4 f3+ 18. Kg1 h5 19. Kh1 hxg4 20. Bd1 Ng2
21. Bd2 Qh4 22. Rg1 Qxh3#
0-1

[Event "W C Fields Memorial Tournament"]
[Site "SchemingMind.com"]
[Date "2021.01.15"]
[Round "-"]
[White "pmdpsp"]
[Black "Johnny Owens"]
[Result "0-1"]
[WhiteCountry "GER"]
[BlackCountry "USA"]
[WhiteElo "1725"]
[WhiteRD "84"]
[BlackElo "1999"]
[BlackRD "81"]
[GameID "464504"]

1. c4 e5 2. Nc3 Nf6 3. Nf3 Nc6 4. e3 Bb4 5. Qc2 O-O 6. a3 Bxc3 7. Qxc3 Re8 8. Be2 d5 9. O-O d4 10. Qc2 d3
11. Bxd3 e4 12. Bxe4 Nxe4 13. d3 Ng5 14. Nxg5 Qxg5 15. f4 Qh5 16. Rf3 Bf5 17. Rg3 Nd4 18. Qd2 Ne2+ 19. Kf1 Nxg3+ 20. hxg3 Rad8
21. Qf2 Bxd3+ 22. Ke1 Bxc4 23. Bd2 Qh1+ 24. Qf1 Qxf1#
0-1

[Event "W C Fields Memorial Tournament"]
[Site "SchemingMind.com"]
[Date "2021.01.15"]
[Round "-"]
[White "Johnny Owens"]
[Black "pmdpsp"]
[Result "1-0"]
[WhiteCountry "USA"]
[BlackCountry "GER"]
[WhiteElo "1999"]
[WhiteRD "81"]
[BlackElo "1725"]
[BlackRD "84"]
[GameID "464505"]

1. Nf3 Nc6 2. b3 e5 3. Bb2 f6 4. c4 Bc5 5. e3 d6 6. Nc3 Bf5 7. d4 Bb4 8. Be2 Nge7 9. Nh4 Qd7 10. Nxf5 Nxf5
11. d5 Nce7 12. Bg4 Qd8 13. O-O O-O 14. Ne4 a6 15. Qc2 Nh6 16. Be6+ Kh8 17. f4 Bc5 18. Nxc5 dxc5 19. fxe5 Neg8 20. g4 fxe5
21. Rxf8 Qxf8 22. Rf1 Qe7 23. Qg2 Qg5 24. Qg3 Nf6 25. h4 Qg6 26. g5 Re8 27. Bxe5 Ne4 28. Qf4 Ng8 29. Bf7
1-0